Automatic refrigeration /

Guardado en:
Autor Principal: Andersen, S.A.
Formato: Libro
Idioma:English
Publicado: Danfoss : McLaren, 1959.
Etiquetas: Agregar Etiqueta
Sin Etiquetas, Sea el primero en etiquetar este registro!
LEADER 00425nam a22001455a 4500
001 EUN.um033210
003 AR-BaUNS
005 20050623122907.0
008 041125s1959####xxka##########000#0#eng#d
245 1 0 |a Automatic refrigeration /  |c S.A. Andersen. 
260 |a Danfoss :  |b McLaren,  |c 1959. 
300 |a 649 p. :  |b ilus. ;  |c 25 cm. 
100 1 |a Andersen, S.A. 
082 0 4 |a 621.56 
859 |a Ar-BaUNS  |b BIB. CENTRAL - Sector A  |h 621.56  |i An23  |p D683/965